000 00590nam a2200217 u 4500
001 000062879
005 20200120224258.0
008 140731s2011 ck gr| 000 0 spa d
020 _a9789587590197
041 0 _aCspa
043 _ac-k----
090 _aJ-P
_bORTOc
100 1 _aOrtíz, Omar
245 1 0 _aCequiagrande /
_cOmar Ortíz.
260 _aManizales :
_bUniversidad de Caldas,
_c2011.
300 _a58 p. ;
_e21 cm.
650 1 7 _aPoesía juvenil
_2LEMB
650 2 7 _aPoesía colombiana
_2LEMB
650 2 7 _aLiteratura colombiana
_2LEMB
650 2 7 _aDioses en la poesía
_2LEMB
999 _c8772
_d8772